书目信息

书名: 谁丢了尾巴? 
作者: 鲁克
出版信息: 成都   四川人民出版社  1980.07
开本页数: 19cm  192页
丛书名:
单 册:
中图分类: I24
科图分类:
主题词: 小说--中国
电子资源:
ISBN:
000 00486nam0 2200193 450
001 0656561313
005 20060222154301.76
010    @dCNY0.55
100    @a20060222d1980 km y0chiy0120 ea
101 @achi
102    @aCN@b510000
200 @a谁丢了尾巴?@Ashui diu le wei ba?@f鲁克@Flu ke
210    @a成都@c四川人民出版社@d1980.07
215    @a192页@d19cm
606 @a小说@x中国
690    @aI24@v4
701  0 @a鲁克@Alu ke
801  0 @aCN@bNISOFT@c20060222
905    @a10447@dI24@e207
    
    谁丢了尾巴?/鲁克.-成都:四川人民出版社,1980.07
    192页;19cm
    
    
    ISBN :CNY0.55
    
相关链接 在五车中查询图书 在当当中查询图书 在豆瓣中查询图书


正题名:谁丢了尾巴?     索取号:I24/207         预约/预借

序号 登录号 条形码 馆藏地/架位号 状态 备注
1 52780   200527803   海科密-1楼/30架12列7层/ [索取号:I24/207] 在馆